9 countries where being LGBTQ+ is illegal - Statistics

General Stats
  • This quiz has been taken 230 times
  • The average score is 4 of 9
Answer Stats
Hint Answer % Correct
6 Iran
85%
1 Saudi Arabia
78%
7 Iraq
77%
5 Yemen
62%
9 Nigeria
37%
2 Algeria
29%
4 Catar
10%
8 Jamaica
9%
3 Barbados
3%
No matching quizzes found
Score Distribution
Percent of People with Each Score
Percentile by Number Answered
Your Score History
You have not taken this quiz